[Event "Ptuj op 10"]
[Site "Ptuj"]
[Date "2015.10.24"]
[Round "1"]
[White "Pivec, Naj"]
[Black "Kodric, Tilen"]
[Result "0-1"]
[WhiteElo "1634"]
[BlackElo "1921"]
[PlyCount "58"]
[EventDate "2015.10.24"]
[EventType "swiss"]
[EventRounds "9"]
[EventCountry "SLO"]
[SourceTitle "CBM 169 Extra"]
[Source "ChessBase"]
[SourceDate "2015.12.18"]
[SourceVersion "1"]
[SourceVersionDate "2015.12.18"]
[SourceQuality "1"]

1. e4 d6 2. d4 Nf6 3. Nc3 Nbd7 4. Bc4 e5 5. Nf3 Be7 6. 0-0 0-0 7. h3 c6 8. dxe5 dxe5 9. Re1 Qc7 10. Bb3 Nc5 11. Qe2 b5 12. Bg5 h6 13. Bxf6 Bxf6 14. Rad1 Nxb3 15. axb3 Be6 16. Nh2 a5 17. Ng4 Be7 18. Ne3 g6 19. Ng4 Kg7 20. Kh1 Bg5 21. Rd3 a4 22. Red1 axb3 23. cxb3 Bxb3 24. Rd7 Bxd1 25. Qxd1 Qb8 26. Qf3 h5 27. Nh2 Ra1+ 28. Rd1 Rxd1+ 29. Nxd1 Rd8 0-1

[Event "Maribor Pirc Memorial op 19th"]
[Site "Maribor"]
[Date "2015.06.30"]
[Round "7"]
[White "Krcmar, Aleksander"]
[Black "Kodric, Tilen"]
[Result "0-1"]
[WhiteElo "1797"]
[BlackElo "1933"]
[PlyCount "84"]
[EventDate "2015.06.25"]
[EventType "swiss"]
[EventRounds "9"]
[EventCountry "SLO"]
[SourceTitle "CBM 167 Extra"]
[Source "ChessBase"]
[SourceDate "2015.09.14"]
[SourceVersion "1"]
[SourceVersionDate "2015.09.14"]
[SourceQuality "1"]

1. e4 d6 2. d4 Nf6 3. Nc3 Nbd7 4. Nf3 e5 5. Bc4 Be7 6. 0-0 0-0 7. a4 c6 8. Re1 h6 9. d5 a5 10. h3 Re8 11. Ba2 Nf8 12. Be3 Ng6 13. Qe2 Qc7 14. Rad1 Nh5 15. Qc4 c5 16. Nb5 Qd8 17. Bxc5 dxc5 18. d6 Be6 19. Qxc5 Rc8 20. Qa3 Bf8 21. Rd2 Bxa2 22. Qxa2 Qd7 23. Red1 Re6 24. b4 Nf6 25. Qb2 Nxe4 26. Re2 Nxd6 27. h4 Qe7 28. h5 Nc4 29. Qa2 Nh4 30. Nxh4 Qxh4 31. f3 Qxh5 32. Re4 Nd6 33. Rxd6 Rxd6 34. Nxd6 Bxd6 35. Qd5 Bxb4 36. Rxe5 Bc5+ 37. Kf1 Qh1+ 38. Ke2 Qxg2+ 39. Kd3 Qf1+ 40. Ke4 Qe2+ 41. Kf4 Qxc2 42. Rf5 Qc4+ 0-1

[Event "SLO-ch U16"]
[Site "Bled"]
[Date "2015.02.26"]
[Round "9"]
[White "Kodric, Tilen"]
[Black "Dobrovoljc, Vid"]
[Result "0-1"]
[WhiteElo "2006"]
[BlackElo "1807"]
[PlyCount "46"]
[EventDate "2015.02.21"]
[EventType "swiss"]
[EventRounds "9"]
[EventCountry "SLO"]
[SourceTitle "EXT 2023"]
[Source "ChessBase"]
[SourceDate "2022.10.05"]
[SourceVersion "1"]
[SourceVersionDate "2022.10.05"]
[SourceQuality "1"]

1. Nf3 Nf6 2. d4 g6 3. Nc3 Bg7 4. e4 d6 5. h3 0-0 6. Bg5 c5 7. dxc5 Qa5 8. Bd3 Qxc5 9. Qd2 Nc6 10. a3 Qa5 11. Bh6 Be6 12. h4 d5 13. b4 Nxb4 14. Bxg7 Kxg7 15. e5 Nh5 16. Rc1 Nxd3+ 17. cxd3 Rac8 18. Nd4 Qxa3 19. Rg1 Qb4 20. Nxe6+ fxe6 21. g4 Nf4 22. d4 Rc4 23. Ne2 Nd3+ 0-1